000 00762nam a22002417a 4500
003 URS
005 20250827114549.0
008 250827b |||||||| |||| 00| 0 eng d
020 _a978-1-83947-414-9
040 _bEnglish
_cURS
_erda
050 _aRT68
_b.C466 2025
100 _aChapman, Freddie,
_eauthor.
245 1 0 _aPharmacology and the nursing process /
_cFreddie Chapman.
264 1 _aUnited Kingdom :
_bEd-Tech Press,
_c©2025.
300 _avii, 266 pages ;
_c25 cm.
336 _2rdacontent
_atext
_btxt
337 _2rdamedia
_acomputer
_bcnb
338 _2rdacarrier
_aonline
_b resource
504 _aIncludes bibliographical references and index.
650 0 _aPharmacology.
650 0 _aNursing
_xPharmacological aspects.
942 _2lcc
_cR
999 _c84513
_d84511